Les rois qui n'étaient pas fils du roi précedent. - Statistiques

Statistiques générales
  • Ce quiz a été pris 88 fois
  • Le résultat moyen est 19 sur 21
Statistiques - réponses
Prédécesseur Roi Roi en Lien % Correct
Charles IV Philippe VI 1328 Cousin
94%
Charles VIII Louis XII 1498 Cousin
94%
Louis XII François 1er 1515 Cousin
94%
Henri III Henri IV 1589 Cousin
94%
Charles X Louis-Philippe 1830 Cousin
94%
Louis XV Louis XVI 1774 Petit-fils
94%
Clodomir 1er Thierry 1er 511 Frère
93%
Childebert 1er Clotaire 1er 511 Frère
93%
Caribert 1er Sigebert 1er 561 Frère
93%
Caribert 1er Chilpéric 1er 561 Frère
93%
Caribert 1er Gontran 1er 561 Frère
93%
Thibert II Thierry II 596 Frère
93%
Caribert II Dagobert 1er 623 Frère
93%
Philippe V Charles IV 1322 Frère
93%
François II Charles IX 1560 Frère
93%
Charles IX Henri III 1574 Frère
93%
Louis XVI Louis XVIII 1793 Frère
93%
Louis XVIII Charles X 1824 Frère
93%
Jean 1er Philippe V 1316 Oncle
91%
Louis XIV Louis XV 1715 Arrière-petit-fils
86%
Thibaut 1er Clotaire 1er 548 Grand-oncle
34%
Aucun quiz correspondant
Distribution des résultats
% des personnes avec chaque résultat
Percentile par nombre de réponses
Votre historique - résultats
Vous n’avez pas pris ce quiz